000 00564nam a2200205 a 4500
001 18229
003 CO-ViMGA
008 141112s2004 ck r 000 u spa d
020 _a9681857704
040 _aCO-ViMGA
_bspa
_cCO-ViMGA
082 0 4 _a658.812 C417c
100 1 _aChase, Larry
_925960
245 1 0 _aComercio electrónico
260 _aMexico,
_cLimusa,
_c2000
300 _a310.p.
590 _aForma de adquisición : Premio - Mincultura
650 1 4 _aCOMERCIO ELECTRONICO - INTERNET
_925961
650 1 4 _aNEGOCIOS E INTERNET
_925962
942 _2ddc
_cBK
999 _c27588
_d27588